Centro América 1987

में बचाया:
ग्रंथसूची विवरण
निगमित लेखक: INFORPRESS Centroamericana
स्वरूप: मूलपाठ
प्रकाशित: Guatemala: INFORPRESS Centroamerica
टैग: टैग जोड़ें
कोई टैग नहीं, इस रिकॉर्ड को टैग करने वाले पहले व्यक्ति बनें!

MARC

LEADER 00000 a a2200000 04500
001 24093
003
040
090 |a 167800  
110 |a INFORPRESS Centroamericana  
245 |a Centro América 1987  
260 |a Guatemala:   |b INFORPRESS Centroamerica  
300 |a x, 245 p.   |b **no definido**   |b fonodiscos   |b map.  
999 |c 12831  |d 12831